Polycrisis in the Anthropocene as Key Research Agenda for Geography: Ontological Delineation and the Shift to a Postdisciplinary Approach
V geografickej literatúre zatiaľ chýbajú ucelené práce, ktoré by rozoberali ontologické, epistemologické a metodologické otázky geografického výskumu polykrízy. Hlavným cieľom článku je čiastočne vyriešiť túto medzeru v geografickej literatúre so zameraním sa na ontologické otázky súvisiace s geogra...
Salvato in:
| Autore principale: | |
|---|---|
| Altri autori: | |
| Natura: | Capitolo di libro |
| Lingua: | inglese |
| Soggetti: | |
| Tags: |
Nessun Tag, puoi essere il primo ad aggiungerne!!
|
MARC
| LEADER | 00000naa a2200000 4500 | ||
|---|---|---|---|
| 001 | 0304577 | ||
| 005 | 20241014123250.8 | ||
| 041 | 0 | |a eng | |
| 044 | |a SK | ||
| 245 | 1 | 0 | |a Polycrisis in the Anthropocene as Key Research Agenda for Geography: Ontological Delineation and the Shift to a Postdisciplinary Approach |c René Matlovič, Kvetoslava Matlovičová |
| 520 | |a V geografickej literatúre zatiaľ chýbajú ucelené práce, ktoré by rozoberali ontologické, epistemologické a metodologické otázky geografického výskumu polykrízy. Hlavným cieľom článku je čiastočne vyriešiť túto medzeru v geografickej literatúre so zameraním sa na ontologické otázky súvisiace s geografickým výskumom polykrízy. Geografická perspektíva sa môže pochváliť bohatým dedičstvom prostredníctvom rôznych subdisciplín a geografického myslenia. Autori skúmajú, ako tieto subdisciplíny a príbuzné disciplíny možno integrovať do geografického štúdia polykrízy. | ||
| 610 | 2 | 0 | |a geografia |
| 610 | 2 | 0 | |a udržateľnosť |
| 610 | 2 | 0 | |a globalizácia |
| 610 | 2 | 0 | |a kríza sociálna |
| 610 | 2 | 0 | |a kríza energetická |
| 610 | 2 | 0 | |a ekosystémy |
| 610 | 2 | 0 | |a disciplína vedná |
| 100 | 1 | |a Matlovič, René | |
| 700 | 1 | |a Matlovičová, Kvetoslava, 1971- | |